|
|
|
|
| LEADER |
00000nab a2200000 a 4500 |
| 001 |
vtls000621021 |
| 003 |
SK-MaSNL |
| 005 |
20260304084643.0 |
| 008 |
250425c1997 xo 0 slo |
| 015 |
|
|
|a SNBRB19rr/mm-uuuuu
|
| 035 |
|
|
|a CL0621160
|
| 035 |
|
|
|a urn:nbn:sk:snk-ab2nv5
|
| 035 |
|
|
|a (urnnbn)urn:nbn:sk:snk:ar-a02olr
|
| 035 |
|
|
|a (uuid)7b7c56d0-daca-44e8-8404-51f21b849d6c
|
| 040 |
|
|
|a SNKBUCL
|b slo
|c SNKBUCL
|e AACR2
|
| 041 |
0 |
|
|a slo
|
| 044 |
|
|
|a xo
|c SK
|
| 080 |
|
|
|a 069.5:943.76
|2 1981
|
| 080 |
|
|
|a 943.76
|2 1981
|
| 080 |
|
|
|a 069.6.02(437.6):93/99
|2 1981
|
| 100 |
1 |
|
|a Komora, Pavol,
|d 1944-
|4 aut
|9 163153
|
| 245 |
1 |
0 |
|a Múzejná prezentácia slovenských dejín
|c Pavol Komora
|
| 300 |
|
|
|b Fotogr. 1
|
| 610 |
2 |
7 |
|a Historické múzeum (Bratislava, Slovensko)
|2 snkbucl
|9 32461
|
| 650 |
0 |
7 |
|a múzejná prezentácia
|2 snkbucl
|9 73773
|
| 651 |
|
7 |
|a Slovensko
|2 snkbucl
|
| 655 |
|
7 |
|a články z novín a časopisov
|2 snkbucl
|9 267496
|
| 773 |
0 |
|
|t Múzeum
|g Roč. 42, č. 1 (1997), s. 4-5
|x 0027-5263
|
| 850 |
|
|
|a Slovenská národná knižnica
|
| 852 |
|
|
|a Slovenská národná knižnica
|
| 954 |
|
|
|a odborná, vedecká literatúra pôvodná (slovenská)
|2 lita
|
| 957 |
|
|
|a 5100
|
| 958 |
|
|
|a article27
|
| 958 |
|
|
|a SK
|
| 958 |
|
|
|a RK
|
| 958 |
|
|
|a OND
|
| 958 |
|
|
|a EUIPO
|
| 992 |
|
|
|a RBX
|
| 999 |
|
|
|c 2804513
|d 2806443
|